000 004150000a22001810004500
005 20120302060015.0
942 _cBOOK
100 _a Chavan,Yashwantrao
245 _a Sahyadriche Waare
260 _aMumbai:Maharashtra Sarkaar,1962.
300 _a324p.
040 _aMAR
365 _b5/-
650 _aSaahitya
650 _aLekha
650 _aBhaashane
650 _aYashwantrao Chavan-Bhaashan Sangraha
999 _c349975
_d349972